<?xml version="1.0" encoding="UTF-8"?>
<record
    xmlns:xsi="http://www.w3.org/2001/XMLSchema-instance"
    xsi:schemaLocation="http://www.loc.gov/MARC21/slim http://www.loc.gov/standards/marcxml/schema/MARC21slim.xsd"
    xmlns="http://www.loc.gov/MARC21/slim">

  <leader>01491cam a2200277 a 4500</leader>
  <controlfield tag="001">14881721</controlfield>
  <controlfield tag="003">NUST</controlfield>
  <controlfield tag="005">20221028190736.0</controlfield>
  <controlfield tag="008">070606s2007    nyua     bf   001 0 eng  </controlfield>
  <datafield tag="010" ind1=" " ind2=" ">
    <subfield code="a">  2007930331</subfield>
  </datafield>
  <datafield tag="020" ind1=" " ind2=" ">
    <subfield code="a">9783540721215 (acidfree paper)</subfield>
  </datafield>
  <datafield tag="040" ind1=" " ind2=" ">
    <subfield code="a">DLC</subfield>
    <subfield code="c">DLC</subfield>
    <subfield code="d">DLC</subfield>
  </datafield>
  <datafield tag="041" ind1="1" ind2=" ">
    <subfield code="a">eng</subfield>
    <subfield code="h">ger</subfield>
    <subfield code="h">rus</subfield>
  </datafield>
  <datafield tag="050" ind1="0" ind2="0">
    <subfield code="a">QA40</subfield>
    <subfield code="b">.S6813 2007</subfield>
  </datafield>
  <datafield tag="082" ind1="0" ind2="0">
    <subfield code="a">510,BRO</subfield>
    <subfield code="2">22</subfield>
  </datafield>
  <datafield tag="100" ind1=" " ind2=" ">
    <subfield code="a">Bronshtein , I.N. </subfield>
    <subfield code="9">101702</subfield>
  </datafield>
  <datafield tag="130" ind1="0" ind2=" ">
    <subfield code="a">Spravochnik po matematike.</subfield>
    <subfield code="l">English.</subfield>
    <subfield code="9">101703</subfield>
  </datafield>
  <datafield tag="245" ind1="1" ind2="0">
    <subfield code="a">Handbook of mathematics /</subfield>
    <subfield code="c">I.N. Bronshtein ... [et al.].</subfield>
  </datafield>
  <datafield tag="250" ind1=" " ind2=" ">
    <subfield code="a">5th ed.</subfield>
  </datafield>
  <datafield tag="260" ind1=" " ind2=" ">
    <subfield code="a">Berlin ;</subfield>
    <subfield code="a">New York :</subfield>
    <subfield code="b">Springer,</subfield>
    <subfield code="c">c2007.</subfield>
  </datafield>
  <datafield tag="300" ind1=" " ind2=" ">
    <subfield code="a">xliii, 1159 p. :</subfield>
    <subfield code="b">ill. ;</subfield>
    <subfield code="c">21 cm.</subfield>
  </datafield>
  <datafield tag="505" ind1=" " ind2=" ">
    <subfield code="a">Arithmetic (Page-1), Functions (Page-47), Geometry (Page-128), Linear Algebra (Page-251), Algebra and Discrete Mathematics (Page-286), Differentiation (Page-379), Infinite Series (page-404), Integral Calculus (Page-Differential Equations (Page-487), Calculus of Variations (Page-552), Functional Analysis (Page-596),  Vector Analysis and Vector Fields (Page-642), Function Theory (Page-671), Integral Transformations (Page-707), Probability Theory and Mathematical Statistics (Page-745), Optimization (Page-846), Numerical Analysis (Page-884), Computer Algebra Systems (Page-9530, Tables (Page-1010), Bibliography (Page-1098). </subfield>
  </datafield>
  <datafield tag="650" ind1=" " ind2="0">
    <subfield code="a">Mathematics</subfield>
    <subfield code="v">Handbooks, manuals, etc.</subfield>
    <subfield code="9">101704</subfield>
  </datafield>
  <datafield tag="700" ind1="1" ind2=" ">
    <subfield code="a">Bronshte&#x12D;n, I. N.</subfield>
    <subfield code="q">(Il&#x2B9;i&#xFE20;a&#xFE21; Nikolaevich)</subfield>
    <subfield code="9">101705</subfield>
  </datafield>
  <datafield tag="942" ind1=" " ind2=" ">
    <subfield code="2">ddc</subfield>
    <subfield code="c">BK</subfield>
    <subfield code="k">510,BRO</subfield>
  </datafield>
  <datafield tag="999" ind1=" " ind2=" ">
    <subfield code="c">592093</subfield>
    <subfield code="d">592093</subfield>
  </datafield>
  <datafield tag="952" ind1=" " ind2=" ">
    <subfield code="0">0</subfield>
    <subfield code="1">0</subfield>
    <subfield code="2">ddc</subfield>
    <subfield code="4">0</subfield>
    <subfield code="7">0</subfield>
    <subfield code="a">MCS</subfield>
    <subfield code="b">MCS</subfield>
    <subfield code="c">GEN</subfield>
    <subfield code="d">2022-10-28</subfield>
    <subfield code="o">510,BRO</subfield>
    <subfield code="p">MCS34471</subfield>
    <subfield code="r">2022-10-28</subfield>
    <subfield code="w">2022-10-28</subfield>
    <subfield code="y">BKB </subfield>
    <subfield code="z">Almirah No. A/135, Shelf No.4</subfield>
  </datafield>
</record>
